Southville International School and Colleges
Your cart is empty.
  • Cart
  • Lists
    Public lists Eva Luna New books Lux_list list_1
    Your lists Log in to create your own lists
  • Log in to your account
  • Your cookies
  • Search history
Southville International School and Colleges
  • Advanced search
  • Recent comments
  • Most popular
  • Libraries

Log in to your account

Log in with GOOGLE


If you do not have an external account, but do have a local account, you can still log in:

  1. Home
  2. MARC view: Healthy eating.
Normal view MARC view ISBD view

Healthy eating. (Record no. 114616)

[ view plain ]
MARC details
000 -LEADER
fixed length control field 00409nam a2200169 a 4500
005 - DATE AND TIME OF LATEST TRANSACTION
control field 20140414132106.0
008 - FIXED-LENGTH DATA ELEMENTS--GENERAL INFORMATION
fixed length control field 100902s19uu xx 00 eng d
020 ## - INTERNATIONAL STANDARD BOOK NUMBER
International Standard Book Number
050 ## - LIBRARY OF CONGRESS CALL NUMBER
Classification number M 613.2
Item number C36 2010
100 ## - MAIN ENTRY--PERSONAL NAME
Personal name Chancellor, Deborah
245 ## - TITLE STATEMENT
Title Healthy eating.
260 ## - PUBLICATION, DISTRIBUTION, ETC. (IMPRINT)
Place of publication, distribution, etc Great Britain :
Name of publisher, distributor, etc Ticktock,
Date of publication, distribution, etc 2010.
440 ## - SERIES STATEMENT/ADDED ENTRY--TITLE
Title Let's find about...
650 ## - SUBJECT ADDED ENTRY--TOPICAL TERM
General subdivision
650 ## - SUBJECT ADDED ENTRY--TOPICAL TERM
Topical term or geographic name as entry element
General subdivision
--
Holdings
Withdrawn status Lost status Damaged status Use restrictions Home library Current library Shelving location Date acquired Source of acquisition Cost, normal purchase price Total Checkouts Full call number Barcode Date last seen Price effective from Koha item type
        Munich Library Munich Library Main Section 09/02/2010   165.00   M 613.2 C36 2010 M6486 04/14/2014 04/14/2014 Books

Healthy eating.

APA

Chancellor D., . (2010). Healthy eating. Great Britain: Ticktock.

Chicago

Chancellor Deborah, . 2010. Healthy eating. Great Britain: Ticktock.

Harvard

Chancellor D., . (2010). Healthy eating. Great Britain: Ticktock.

MLA

Chancellor Deborah, . Healthy eating. Great Britain: Ticktock. 2010.

  • Place hold
  • Print
  • Cite
  • Add to your cart (remove)
  • Save record
    BIBTEX Dublin Core MARCXML MARC (non-Unicode/MARC-8) MARC (Unicode/UTF-8) MARC (Unicode/UTF-8, Standard) MODS (XML) RIS
  • More searches
    Search for this title in:
    Other Libraries (WorldCat) Other Databases (Google Scholar) Online Stores (Bookfinder.com) Open Library (openlibrary.org)

Exporting to Dublin Core...

SOUTHVILLE LIBRARY

Southville International School and Colleges Library

1281 Tropical Ave. Cor. Luxembourg St., BF Homes International, Las Pinas City

Tel. No. 8256374 / 252358 Loc. 117/146

Powered by Koha